000
00310nam a22001337a 4500
008
171024b xxu||||| |||| 00| 0 eng d
020
_a
9780321023414
041
_a
eng
080
_2
3 ED
_a
311
100
_a
55
101
_a
STA
245
_a
READING STATISTICS AND RESEARCH
_c
HUCK.S.W
942
_2
udc
_c
BK
999
_c
35702
_d
35702